[Event "4th Lanzarote it"]
[Site "Lanzarote ESP"]
[Date "1976.04.??"]
[Round "1"]
[White "Bellon Lopez, Juan Manuel"]
[Black "Weinstein, Norman Stephen"]
[Result "0-1"]
[WhiteElo "2475"]
[BlackElo "2430"]
[EventDate "1976.04.26"]
[PlyCount "57"]

1.e4 c5 2.Nf3 d6 3.d4 cxd4 4.Nxd4 Nf6 5.Nc3 Nc6 6.Bc4 Qb6 7.Nb3 e6 8.O-O 
Be7 9.a4 O-O 10.a5 Qc7 11.Bd3 Bd7 12.f4 Nb4 13.Rf3 Nxd3 14.cxd3 b5 15.Bd2 
e5 16.Rg3 Kh8 17.Rc1 Qd8 18.f5 Rc8 19.Rh3 b4 20.Na2 d5 21.Rxc8 Qxc8 22.Re3
Ba4 23.Kh1 dxe4 24.dxe4 Qc4 25.Qf3 Bxb3 26.Rxb3 Nxe4 27.f6 Nxd2 28.fxe7 
Rc8 29.Rd3 {[Fuente: Zaiko, Oscar Alfredo. Base de partidas del 
"04.Arrecife de Lanzarote" 1976. Sitio web OLD IN CHESS. (Marzo 2002). 
Alfredo Zaiko (Director-Webmaster). Sitio web oriundo de Argentina. Estuvo
disponible hasta el ao 2010 en la direccin: 
http://www.geocities.org/oldinchess/ descarga/cbv/1976_ESP03.zip ]} 0-1

[Event "4th Lanzarote it"]
[Site "Lanzarote ESP"]
[Date "1976.04.??"]
[Round "1"]
[White "Garcia Padron, Jose"]
[Black "Betancort Curbelo, Juan Rafael"]
[Result "1-0"]
[WhiteElo "2280"]
[BlackElo "2360"]
[EventDate "1976.04.26"]
[PlyCount "69"]

1.e4 e6 2.d4 d5 3.Nd2 c5 4.exd5 exd5 5.Ngf3 Nc6 6.Bb5 a6 7.Bxc6+ bxc6 8.
O-O Ra7 9.Re1+ Be7 10.Ne5 Qc7 11.Nb3 Nf6 12.Bf4 c4 13.Ng6 Qd8 14.Nxh8 cxb3
15.axb3 Kf8 16.Bb8 Bg4 17.f3 Qxb8 18.fxg4 Kg8 19.Nxf7 Kxf7 20.Qe2 Ne4 21.
Rf1+ Kg8 22.Rxa6 Rxa6 23.Qxa6 Qe8 24.Ra1 Qd7 25.Qa7 Qd6 26.Qa8+ Bd8 27.Qc8
Qf6 28.c3 h6 29.Qf5 Qd6 30.Ra8 Ng5 31.g3 Nf7 32.Ra7 Bc7 33.b4 Qe7 34.Kf1 
g6 35.Qc8+ {[Fuente: Zaiko, Oscar Alfredo. Base de partidas del 
"04.Arrecife de Lanzarote" 1976. Sitio web OLD IN CHESS. (Marzo 2002). 
Alfredo Zaiko (Director-Webmaster). Sitio web oriundo de Argentina. Estuvo
disponible hasta el ao 2010 en la direccin: 
http://www.geocities.org/oldinchess/ descarga/cbv/1976_ESP03.zip ]} 1-0

[Event "4th Lanzarote it"]
[Site "Lanzarote ESP"]
[Date "1976.04.??"]
[Round "1"]
[White "Haik, Aldo"]
[Black "Fraguela Gil, Jose Miguel"]
[Result "1-0"]
[WhiteElo "2325"]
[BlackElo "2380"]
[EventDate "1976.04.26"]
[PlyCount "37"]

1.d4 Nf6 2.c4 c5 3.d5 b5 4.cxb5 a6 5.Nc3 axb5 $2 ( {Mejor es} 5...d6 $142 
) 6.e4 $1 b4 7.Nb5 d6 ( {No es posible} 7...Nxe4 {, a causa de} 8.Qe2 $1 {
, al no poderse retirar el caballo negro, por 9.Cd6#.} ) 8.Bc4 {[Muy 
arriesgada la posicin, aunque ya es difcil el juego negro. ]} 8...Nxe4 $2 
9.Qe2 $1 Nf6 10.Bf4 Ra6 {[Ante 11.Cxd6+. ]} 11.Nxd6+ $1 Rxd6 12.Bb5+ $1 
Rd7 13.Bxb8 Nxd5 14.O-O-O Bb7 15.Nf3 $1 {[Nuevo sacrificio que da decisiva
potencia al ataque. ]} 15...Qxb8 16.Ne5 Qa8 17.Bxd7+ Kd8 18.Qb5 e6 19.Bxe6
$1 {[Y las negras abandonaron ante Dd7 mate. ] [ Comentarios: GM Arturo 
Pomar. (Revista Jaque, 01-07-1976). || Fuente: Pomar, Arturo. Artculo 
"Ecos de Lanzarote". Revista JAQUE. (01-07-1976, ao VI, nmero 55, pginas 
12-13). Jos Mara Gonzlez (Editor-Director). San Sebastin, Espaa. ]} 1-0

[Event "4th Lanzarote it"]
[Site "Lanzarote ESP"]
[Date "1976.04.??"]
[Round "1"]
[White "Pomar Salamanca, Arturo"]
[Black "Larsen, Bent"]
[Result "1/2-1/2"]
[WhiteElo "2435"]
[BlackElo "2625"]
[EventDate "1976.04.26"]
[PlyCount "78"]

1.d4 e6 {[Invitndome a entrar, por transposicin de jugadas, en la Defensa 
Francesa; invitacin que declino. ]} 2.c4 c5 3.Nf3 cxd4 4.Nxd4 a6 5.Nc3 Qc7
6.e3 ( {Adoptando un esquema del que soy conocedor. Con} 6.e4 {, se 
entraba en el Sistema Marowzi de la Defensa Siciliana.} ) 6...b6 7.Be2 Bb7
8.O-O Nf6 9.Bf3 Nc6 10.Nxc6 Bxc6 11.b3 ( {Inferior para las blancas sera} 
11.Bxc6 $2 Qxc6 12.b3 b5 {, con fuerte presin por parte de las negras.} ) 
11...Bd6 12.h3 O-O 13.Bb2 Bh2+ 14.Kh1 Be5 {[Momento importante; las piezas
negras disfrutan de gran actividad, pero ello es momentneo, ya que se vern
obligadas a un posterior repliegue, por lo que podemos deducir que la 
posicin presente es de equilibrio. ]} 15.Bxc6 dxc6 ( {Si} 15...Qxc6 {, 
entonces} 16.Nd5 {, con buen juego. Sin embargo, despus de la ltima 
captura con pen por parte de las negras, la posible ruptura ...pen b5 
pierde gran parte de su eficacia.} ) 16.Qc2 b5 17.f4 Bd6 18.Ne4 Nxe4 19.
Qxe4 Rfd8 20.Rac1 c5 ( {Interesante era el golpe temtico} 20...Qa5 {, que 
daba origen a un juego complicado despus de} 21.a3 Bxa3 22.Ra1 b4 23.Qxc6 
{, etc.} ) 21.Rfd1 Bf8 22.Qc2 Qb7 23.e4 Qc6 24.f5 Rxd1+ 25.Rxd1 exf5 26.
exf5 Re8 27.f6 $1 {[Buscando chances de ataque en el flanco de rey. ]} 
27...gxf6 ( {Otra posibilidad era} 27...g6 28.cxb5 axb5 29.a4 bxa4 30.bxa4
{, en la que las negras deberan cuidar las posibles redes de mate 
adversarias, teniendo en compensacin la facultad de presionar sobre el 
parcialmente dbil pen blanco de f6.} ) 28.Qf2 Bg7 29.Qg3 ( {Tambin era 
factible} 29.Rd5 {.} ) 29...bxc4 30.bxc4 ( {A nada prctico conduca} 30.Rd6
{, a causa de} 30...Qe4 31.Bxf6 Qe1+ {, con final ventajoso para las 
negras.} ) 30...Kh8 31.Qf4 Qb6 32.Bc3 h6 33.Rd6 Qb1+ $1 {[Maniobra de 
simplificacin que deja un final de tablas. ]} 34.Kh2 Qe4 35.Qxe4 Rxe4 36.
Rxa6 Rxc4 37.Bxf6 Bxf6 38.Rxf6 Kg7 39.Rc6 Ra4 {[ Comentarios: GM Arturo 
Pomar (Revista Jaque, 01-07-1976). || Fuente: Pomar, Arturo. Artculo "Ecos
de Lanzarote". Revista JAQUE. (01-07-1976, ao VI, nmero 55, pginas 12-13).
Jos Mara Gonzlez (Editor-Director). San Sebastin, Espaa. ]} 1/2-1/2

[Event "4th Lanzarote it"]
[Site "Lanzarote ESP"]
[Date "1976.04.??"]
[Round "1"]
[White "Sanz Alonso, Francisco Javier"]
[Black "Rodriguez Vargas, Orestes"]
[Result "1-0"]
[WhiteElo "2345"]
[BlackElo "2435"]
[EventDate "1976.04.26"]
[PlyCount "96"]

1.c4 e5 2.Nc3 d6 3.g3 g6 4.Bg2 Bg7 5.e3 Nc6 6.Rb1 Nge7 7.b4 Nf5 8.Nge2 O-O
{[Las blancas realmente estn jugando una Siciliana, Variante cerrada, con 
una jugada extra. En todo caso, la maniobra de Rodrguez en el sptimo 
movimiento no parece muy eficaz. ]} 9.d3 Nce7 10.b5 c6 11.bxc6 bxc6 12.Qa4
Qc7 13.O-O Bd7 14.Bd2 Rab8 15.Qa3 Rxb1 16.Rxb1 Rb8 17.Rb3 $1 {[Conservando
la iniciativa . Las negras pueden cambiar, pero se quedan con una 
estructura de peones inferior. Las blancas estn mejor. Quizs tendran las 
negras mejor defensa, pero recomendamos al lector estudiar las maniobras 
de las blancas . Con una rapidez sorprendente se cambia el "casi nada" que
tienen en "ventaja decisiva". ]} 17...Nc8 18.Ne4 Rxb3 19.axb3 Be6 20.Ba5 
Qe7 21.N2c3 Bf8 22.Qa4 $1 Bd7 23.b4 Kg7 24.Bc7 $1 Be8 25.Qa5 $1 {[Ya se ha
dicho: ventaja decisiva . Ms que una partida esto es una leccin. ]} 25...
f6 26.Bd8 Qb7 27.Nxf6 Bf7 28.b5 Nce7 29.Nfe4 Qc8 30.Bh3 cxb5 31.Nxd6 Qc6 
32.Nxf5+ gxf5 33.Bxe7 Bxe7 34.Nd5 Bd6 35.Qd8 Bxd5 36.Qg5+ Kf8 37.Qh6+ Ke7 
38.cxd5 Qxd5 39.Qxh7+ Qf7 40.Qxf7+ Kxf7 41.Bxf5 b4 42.Bd7 b3 43.Ba4 b2 44.
Bb3+ Ke7 45.Ba2 Kd7 46.Kf1 Kc6 47.Ke2 Kb5 48.Kd2 Bb4+ {[Comentarios: GM 
Bent Larsen. (Revista Ajedrez 6000). || Fuentes: 1. Larsen, Bent. Seleccin
de partidas comentadas del IV Torneo Internacional de Lanzarote. Revista 
AJEDREZ 6000. (01-07-1976, nmero 60, pginas 86-95). Publicacin editada por
Caja Insular de Ahorros de Gran Canaria. Las Palmas de Gran Canaria, 
Espaa. /\ 2. Zaiko, Oscar Alfredo. Base de partidas del "04.Arrecife de 
Lanzarote" 1976. Sitio web OLD IN CHESS. (Marzo 2002). Alfredo Zaiko 
(Director-Webmaster). Sitio web oriundo de Argentina. Estuvo disponible 
hasta el ao 2010 en la direccin: 
http://www.geocities.org/oldinchess/descarga/cbv/1976_ESP03.zip ]} 1-0

[Event "4th Lanzarote it"]
[Site "Lanzarote ESP"]
[Date "1976.04.??"]
[Round "2"]
[White "Bellon Lopez, Juan Manuel"]
[Black "Sanz Alonso, Francisco Javier"]
[Result "1-0"]
[WhiteElo "2475"]
[BlackElo "2345"]
[EventDate "1976.04.26"]
[PlyCount "71"]

1.e4 c5 2.Nf3 e6 3.d4 cxd4 4.Nxd4 a6 5.Nc3 Qc7 6.Be2 Nf6 7.O-O Bb4 8.Bf3 
Nc6 9.g3 O-O 10.Nde2 Be7 11.a4 Rb8 12.Bg2 b5 13.axb5 axb5 14.h3 Rd8 15.Bf4
d6 16.Qd2 b4 17.Na4 Ne5 18.Rfc1 Bb7 19.c4 Ng6 20.Qd3 Nxf4 21.Nxf4 Bc6 22.
Nd5 Qb7 23.Nxe7+ Qxe7 24.b3 Nd7 25.Qe3 Ra8 26.Rd1 Bxa4 27.Rxa4 Rxa4 28.
bxa4 Nc5 29.e5 Nxa4 30.exd6 Rxd6 31.Ra1 Ra6 32.Be4 Qd6 33.Bb7 Ra5 34.c5 
Qc7 35.c6 g6 36.Qf4 {[Fuente: Zaiko, Oscar Alfredo. Base de partidas del 
"04.Arrecife de Lanzarote" 1976. Sitio web OLD IN CHESS. (Marzo 2002). 
Alfredo Zaiko (Director-Webmaster). Sitio web oriundo de Argentina. Estuvo
disponible hasta el ao 2010 en la direccin: http://www.geocities.org/ 
oldinchess/descarga/cbv/1976_ESP03.zip ]} 1-0

[Event "4th Lanzarote it"]
[Site "Lanzarote ESP"]
[Date "1976.04.??"]
[Round "2"]
[White "Betancort Curbelo, Juan Rafael"]
[Black "Pomar Salamanca, Arturo"]
[Result "1/2-1/2"]
[WhiteElo "2360"]
[BlackElo "2435"]
[EventDate "1976.04.26"]
[PlyCount "40"]

1.d4 Nf6 2.c4 e6 3.Nc3 Bb4 4.e3 O-O 5.Nf3 d5 6.Bd3 c5 7.O-O dxc4 8.Bxc4 
Nc6 9.a3 Ba5 10.Qd3 a6 11.Rd1 b5 12.Ba2 Bb7 13.Bb1 Bb6 14.Ne4 Nxe4 15.Qxe4
g6 16.Qf4 Na5 17.Bd2 cxd4 18.Nxd4 Nc6 19.Qg4 h5 20.Nxc6 hxg4 {[Fuente: 
Zaiko, Oscar Alfredo. Base de partidas del "04.Arrecife de Lanzarote" 
1976. Sitio web OLD IN CHESS. (Marzo 2002). Alfredo Zaiko 
(Director-Webmaster). Sitio web oriundo de Argentina. Estuvo disponible 
hasta el ao 2010 en la direccin: 
http://www.geocities.org/oldinchess/descarga/cbv/1976_ESP03.zip ]} 1/2-1/2

[Event "4th Lanzarote it"]
[Site "Lanzarote ESP"]
[Date "1976.04.??"]
[Round "2"]
[White "Darga, Klaus"]
[Black "Garcia Padron, Jose"]
[Result "1/2-1/2"]
[WhiteElo "2500"]
[BlackElo "2280"]
[EventDate "1976.04.26"]
[PlyCount "40"]

1.c4 Nf6 2.Nc3 e5 3.Nf3 Nc6 4.a3 g6 5.g3 Bg7 6.Bg2 O-O 7.O-O a5 8.d3 d6 9.
Rb1 h6 10.Ne1 Be6 11.Nd5 Bxd5 12.cxd5 Ne7 13.e4 c6 14.dxc6 Nxc6 15.Nc2 d5 
16.exd5 Nxd5 17.Ne3 Nxe3 18.Bxe3 Qd7 19.Rc1 Nd4 20.Bxd4 Qxd4 {[Fuente: 
Zaiko, Oscar Alfredo. Base de partidas del "04.Arrecife de Lanzarote" 
1976. Sitio web OLD IN CHESS. (Marzo 2002). Alfredo Zaiko 
(Director-Webmaster). Sitio web oriundo de Argentina. Estuvo disponible 
hasta el ao 2010 en la direccin: 
http://www.geocities.org/oldinchess/descarga/cbv/1976_ESP03.zip ]} 1/2-1/2

[Event "4th Lanzarote it"]
[Site "Lanzarote ESP"]
[Date "1976.04.??"]
[Round "2"]
[White "Larsen, Bent"]
[Black "Haik, Aldo"]
[Result "1-0"]
[WhiteElo "2625"]
[BlackElo "2325"]
[EventDate "1976.04.26"]
[PlyCount "81"]

1.d4 Nf6 2.Nf3 g6 3.Bg5 Bg7 4.e3 d6 5.Nbd2 h6 6.Bh4 g5 7.Bg3 Nh5 8.Be2 O-O
9.c3 Bf5 10.O-O Bg6 11.Ne1 Nxg3 12.hxg3 Nd7 13.Bd3 Bxd3 14.Nxd3 c5 15.Qb3 
Qc7 16.a4 Rac8 17.dxc5 Nxc5 18.Nxc5 dxc5 19.Nc4 Rfd8 20.Rfd1 e6 21.e4 
Rxd1+ 22.Rxd1 Rd8 23.Kh2 Rxd1 24.Qxd1 Qc6 25.Qd8+ Bf8 26.Ne5 Qd6 27.Nd7 f5
28.e5 Qe7 29.Qc8 Kf7 30.Qxb7 Bg7 31.a5 Ke8 32.Qc8+ Qd8 33.Qxd8+ Kxd8 34.
Nxc5 Bxe5 35.Nxe6+ Kd7 36.Nd4 Bxd4 37.cxd4 Kc6 38.b4 a6 39.Kh3 Kd5 40.b5 
axb5 41.a6 {[Fuente: Zaiko, Oscar Alfredo. Base de partidas del 
"04.Arrecife de Lanzarote" 1976. Sitio web OLD IN CHESS. (Marzo 2002). 
Alfredo Zaiko (Director-Webmaster). Sitio web oriundo de Argentina. Estuvo
disponible hasta el ao 2010 en la direccin: http://www.geocities.org/ 
oldinchess/descarga/cbv/1976_ESP03.zip ]} 1-0

[Event "4th Lanzarote it"]
[Site "Lanzarote ESP"]
[Date "1976.04.??"]
[Round "2"]
[White "Rodriguez Vargas, Orestes"]
[Black "Hernandez Onna, Roman"]
[Result "1/2-1/2"]
[WhiteElo "2435"]
[BlackElo "2460"]
[EventDate "1976.04.26"]
[PlyCount "75"]

1.d4 Nf6 2.c4 c5 3.d5 g6 4.Nc3 d6 5.e4 Bg7 6.Bd3 O-O 7.h3 e6 8.Nf3 a6 9.a4
b6 10.O-O e5 11.a5 bxa5 12.Bg5 h6 13.Be3 Nh5 14.Re1 Nd7 15.Bf1 Rb8 16.Nd2 
Qe8 17.Nb3 f5 18.exf5 gxf5 19.Nxa5 Rxb2 20.Be2 Nhf6 21.Qc1 Rxe2 22.Rxe2 
Qh5 23.f3 f4 24.Bf2 e4 25.Nxe4 Nxe4 26.Rxe4 Bxa1 27.Qxa1 Ne5 28.Rxe5 dxe5 
29.Nc6 Rf7 30.Nxe5 Rg7 31.Ng4 Qg6 32.Qe5 Bxg4 33.hxg4 h5 34.Qb8+ Kh7 35.
Qxf4 hxg4 36.Qh2+ Kg8 37.Qb8+ Kh7 38.Qh2+ {[Fuente: Zaiko, Oscar Alfredo. 
Base de partidas del "04.Arrecife de Lanzarote" 1976. Sitio web OLD IN 
CHESS. (Marzo 2002). Alfredo Zaiko (Director-Webmaster). Sitio web oriundo
de Argentina. Estuvo disponible hasta el ao 2010 en la direccin: 
http://www.geocities.org/oldinchess/descarga/cbv/1976_ESP03.zip ]} 1/2-1/2

[Event "4th Lanzarote it"]
[Site "Lanzarote ESP"]
[Date "1976.04.??"]
[Round "2"]
[White "Weinstein, Norman Stephen"]
[Black "Fraguela Gil, Jose Miguel"]
[Result "1-0"]
[WhiteElo "2430"]
[BlackElo "2380"]
[EventDate "1976.04.26"]
[PlyCount "59"]

1.e4 Nf6 2.e5 Nd5 3.d4 d6 4.Nf3 Bg4 5.Be2 e6 6.h3 Bh5 7.O-O Be7 8.c4 Nb6 
9.Nc3 O-O 10.Be3 d5 11.b3 Nc6 12.c5 Nc8 13.b4 a6 14.Qb3 f6 15.Ng5 Bxe2 16.
Nxe6 Bxf1 17.Nxd5 Qd7 18.Ndxc7 Rb8 19.Nxf8+ Kxf8 20.Ne6+ Qxe6 21.Qxe6 Bd3 
22.Qb3 Bg6 23.e6 b6 24.d5 bxc5 25.dxc6 Rxb4 26.Qd5 Nb6 27.Qxc5 Be4 28.Qh5 
Bg6 29.Qa5 Rb5 30.Qxa6 {[Fuente: Zaiko, Oscar Alfredo. Base de partidas 
del "04.Arrecife de Lanzarote" 1976. Sitio web OLD IN CHESS. (Marzo 2002).
Alfredo Zaiko (Director-Webmaster). Sitio web oriundo de Argentina. Estuvo
disponible hasta el ao 2010 en la direccin: http://www.geocities.org/ 
oldinchess/descarga/cbv/1976_ESP03.zip ]} 1-0

[Event "4th Lanzarote it"]
[Site "Lanzarote ESP"]
[Date "1976.04.??"]
[Round "3"]
[White "Haik, Aldo"]
[Black "Betancort Curbelo, Juan Rafael"]
[Result "1/2-1/2"]
[WhiteElo "2325"]
[BlackElo "2360"]
[EventDate "1976.04.26"]
[PlyCount "176"]

1.d4 Nf6 2.c4 e6 3.Nf3 b6 4.g3 Bb7 5.Bg2 Bb4+ 6.Bd2 Qe7 7.O-O Bxd2 8.Qxd2 
O-O 9.Nc3 d6 10.Qc2 c5 11.e4 Nc6 12.d5 Nd4 13.Nxd4 cxd4 14.Ne2 e5 15.a4 
Qc7 16.Rfc1 Nd7 17.Qd1 Qc5 18.Qd2 a5 19.Bh3 Nb8 20.b3 Na6 21.Rab1 Bc8 22.
Bxc8 Raxc8 23.Kg2 Nb4 24.Rf1 f5 25.exf5 Rxf5 26.Rbd1 Rcf8 27.f3 d3 28.Nc1 
Nc2 29.Qxd3 Ne3+ 30.Kh1 Nxd1 31.Qxd1 Qe3 32.Kg2 e4 33.f4 Re8 34.Ne2 Rf7 
35.Nd4 Qc3 36.Ne6 e3 37.Re1 Rf6 38.Re2 h6 39.Kf3 Qe5 40.Qd3 Qh5+ 41.Kg2 
Rexe6 42.dxe6 Rxe6 43.Rxe3 Rxe3 44.Qxe3 Qd1 45.Qxb6 Qc2+ 46.Kf3 Qd1+ 47.
Kg2 Qc2+ 48.Kf3 Qd1+ 49.Ke4 Qh1+ 50.Kf5 Qxh2 51.Qe3 Qh3+ 52.Ke4 Qg2+ 53.
Kd4 Qc6 54.Kc3 Kh8 55.g4 Qh1 56.g5 Qa1+ 57.Kd3 Qd1+ 58.Ke4 h5 59.Qf3 Qc2+ 
60.Kd5 Qg6 61.Kd4 Kh7 62.Qh3 Qe8 63.Qf3 Qg6 64.Kd5 Kg8 65.Kc6 h4 66.Qg4 
Qe8+ 67.Kd5 Qa8+ 68.Kd4 Qa7+ 69.Kd3 Qb6 70.Qe6+ Kh7 71.Qf5+ Kg8 72.Qe6+ 
Kh7 73.Qe4+ Kg8 74.g6 Qxb3+ 75.Ke2 Kf8 76.Qf5+ Ke7 77.Qf7+ Kd8 78.Qf8+ Kc7
79.Qxg7+ Kc6 80.Qf7 Qc2+ 81.Kf3 Qd1+ 82.Kg2 Qg4+ 83.Kf2 Qg3+ 84.Ke2 Qg2+ 
85.Ke3 Qg1+ 86.Ke4 Qb1+ 87.Kd4 Qg1+ 88.Kd3 Qd1+ {[Fuente: Zaiko, Oscar 
Alfredo. Base de partidas del "04.Arrecife de Lanzarote" 1976. Sitio web 
OLD IN CHESS. (Marzo 2002). Alfredo Zaiko (Director-Webmaster). Sitio web 
oriundo de Argentina. Estuvo disponible hasta el ao 2010 en la direccin: 
http://www.geocities.org/oldinchess/descarga/cbv/1976_ESP03.zip ]} 1/2-1/2

[Event "4th Lanzarote it"]
[Site "Lanzarote ESP"]
[Date "1976.04.??"]
[Round "3"]
[White "Hernandez Onna, Roman"]
[Black "Bellon Lopez, Juan Manuel"]
[Result "1-0"]
[WhiteElo "2460"]
[BlackElo "2475"]
[EventDate "1976.04.26"]
[PlyCount "65"]

1.c4 g6 2.Nc3 Bg7 3.Nf3 e5 4.g3 f5 5.d3 d6 6.Bg2 Nf6 7.O-O O-O 8.Rb1 a5 9.
a3 Nc6 10.b4 axb4 11.axb4 h6 12.b5 Ne7 13.Bb2 g5 14.Ra1 Rxa1 15.Qxa1 f4 
16.Nd2 c6 17.Qa7 Nf5 18.Nce4 fxg3 19.Nxf6+ Bxf6 20.hxg3 Rf7 21.Qa8 Kg7 22.
Ne4 c5 23.f4 gxf4 24.gxf4 Nd4 25.Bxd4 exd4 26.Nxd6 Qxd6 27.Qxc8 h5 28.Bd5 
Rc7 29.Qf5 Kh8 30.Qxh5+ Kg7 31.Rf2 Kf8 32.Rg2 Bg7 33.Qh7 {[Fuente: Zaiko, 
Oscar Alfredo. Base de partidas del "04.Arrecife de Lanzarote" 1976. Sitio
web OLD IN CHESS. (Marzo 2002). Alfredo Zaiko (Director-Webmaster). Sitio 
web oriundo de Argentina. Estuvo disponible hasta el ao 2010 en la 
direccin: http://www.geocities.org/oldinchess/descarga/cbv/1976_ESP03.zip 
]} 1-0

[Event "4th Lanzarote it"]
[Site "Lanzarote ESP"]
[Date "1976.04.??"]
[Round "3"]
[White "Sanz Alonso, Francisco Javier"]
[Black "Weinstein, Norman Stephen"]
[Result "0-1"]
[WhiteElo "2345"]
[BlackElo "2430"]
[EventDate "1976.04.26"]
[PlyCount "76"]

1.c4 Nf6 2.g3 g6 3.Bg2 Bg7 4.Nc3 O-O 5.e3 c6 6.Nge2 e5 7.O-O d5 8.cxd5 
cxd5 9.d4 e4 10.b4 {[Sanz. conoce esta apertura muy bien . La jugada del 
texto parece extraa porque debilita la casilla c4, pero la ocupacin de 
esta casilla no es tan fcil para las negras. ]} 10...Re8 11.b5 Nbd7 12.Qb3
Nb6 13.a4 Bf5 14.a5 $1 Nc4 15.Nxd5 $1 Nxa5 ( {Con la idea} 15...Qxd5 16.
Nf4 {. Las blancas tienen clara ventaja, pero sin anlisis profundo 
continuaremos a la fase que motiva la pubicacin de esta partida, el final 
tragicmico.} ) 16.Nxf6+ Bxf6 17.Qa4 b6 18.Bd2 Nb7 19.Bb4 Be7 20.Nc3 Rc8 
21.Rfc1 Bxb4 22.Qxb4 Na5 23.g4 $5 Rc4 24.Qa3 Bxg4 25.Nxe4 Bh3 $6 26.Qd6 $1
Bxg2 27.Nf6+ Kg7 28.Nxe8+ Qxe8 29.Kxg2 Qxb5 30.h3 Qf5 31.Rxa5 Qe4+ 32.f3 
Qxe3 33.Rxc4 Qe2+ 34.Kg3 Qe1+ 35.Kf4 Qd2+ ( {Muchas veces un comentarista 
espera que sus explicaciones ayuden al lector a comprender la partida un 
poco mejor. Aqu el caso es al revs: si doy la informacin que aqu Sanz tena
ms de 15 minutos, Weinstein menos de uno, entonces el lector seguramente 
no entiende nada de lo que sigue...} 35...Qh4+ 36.Ke3 Qe1+ 37.Kd3 {, 
permite al rey escapar a d5.} ) 36.Ke4 $4 ( 36.Kg4 {gana, el anlisis no es
muy difcil.} ) 36...Qe2+ 37.Kd5 Qxf3+ 38.Ke5 Qf5# {[Comentarios: GM Bent 
Larsen. (Revista Ajedrez 6000). || Fuentes: 1. Larsen, Bent. Seleccin de 
partidas comentadas del IV Torneo Internacional de Lanzarote. Revista 
AJEDREZ 6000. (01-07-1976, nmero 60, pginas 86-95). Publicacin editada por
Caja Insular de Ahorros de Gran Canaria. Las Palmas de Gran Canaria, 
Espaa. /\ 2. Zaiko, Oscar Alfredo. Base de partidas del "04.Arrecife de 
Lanzarote" 1976. Sitio web OLD IN CHESS. (Marzo 2002). Alfredo Zaiko 
(Director-Webmaster). Sitio web oriundo de Argentina. Estuvo disponible 
hasta el ao 2010 en la direccin: http://www. 
geocities.org/oldinchess/descarga/cbv/1976_ESP03.zip ]} 0-1

[Event "4th Lanzarote it"]
[Site "Lanzarote ESP"]
[Date "1976.04.??"]
[Round "4"]
[White "Betancort Curbelo, Juan Rafael"]
[Black "Fraguela Gil, Jose Miguel"]
[Result "1/2-1/2"]
[WhiteElo "2360"]
[BlackElo "2380"]
[EventDate "1976.04.26"]
[PlyCount "35"]

1.d4 Nf6 2.c4 c5 3.e3 g6 4.Nc3 Bg7 5.Nf3 O-O 6.Be2 cxd4 7.exd4 d5 8.cxd5 
Nxd5 9.Qb3 Nb6 10.O-O Be6 11.Qd1 Nc6 12.Be3 Rc8 13.Rc1 Nd5 14.Nxd5 Bxd5 
15.b3 Qd6 16.Qd2 Rfd8 17.Bc4 Qa3 18.Ne5 {[Fuente: Zaiko, Oscar Alfredo. 
Base de partidas del "04.Arrecife de Lanzarote" 1976. Sitio web OLD IN 
CHESS. (Marzo 2002). Alfredo Zaiko (Director-Webmaster). Sitio web oriundo
de Argentina. Estuvo disponible hasta el ao 2010 en la direccin: 
http://www. geocities.org/oldinchess/descarga/cbv/1976_ESP03.zip ]} 
1/2-1/2

[Event "4th Lanzarote it"]
[Site "Lanzarote ESP"]
[Date "1976.04.??"]
[Round "4"]
[White "Darga, Klaus"]
[Black "Haik, Aldo"]
[Result "1-0"]
[WhiteElo "2500"]
[BlackElo "2325"]
[EventDate "1976.04.26"]
[PlyCount "105"]

1.c4 g6 2.d4 Bg7 3.Nc3 Nf6 4.e4 d6 5.f3 O-O 6.Be3 b6 7.Bd3 Bb7 8.Nge2 c5 
9.d5 e6 10.O-O Nbd7 11.Ng3 Ne5 12.Be2 exd5 13.cxd5 h5 14.Nh1 a6 15.a4 Re8 
16.Qd2 Qe7 17.Nf2 Nh7 18.Rae1 f5 19.exf5 gxf5 20.f4 Nf7 21.Bxh5 Qh4 22.Bg6
Qf6 23.Bxh7+ Kxh7 24.Nh3 Kg6 25.Rf3 Re7 26.Rg3+ Kh7 27.Ng5+ Nxg5 28.fxg5 
Qg6 29.Ne2 Be5 30.Nf4 Bxf4 31.Bxf4 Rxe1+ 32.Qxe1 Re8 33.Qf2 Kg8 34.h3 Qh5 
35.Qf3 Qxf3 36.Rxf3 Re7 37.Rf2 Re1+ 38.Kh2 Bxd5 39.Bxd6 Be4 40.Rd2 c4 41.
Bb4 Rf1 42.Kg3 Bd3 43.Kh4 Rf4+ 44.Kh5 Re4 45.Rf2 Be2+ 46.Kg6 Bd3 47.Kf6 
Rh4 48.g6 Rd4 49.Kg5 a5 50.Bc3 Re4 51.Rf4 Re2 52.Rh4 Kf8 53.Kf6 {[Fuente: 
Zaiko, Oscar Alfredo. Base de partidas del "04.Arrecife de Lanzarote" 
1976. Sitio web OLD IN CHESS. (Marzo 2002). Alfredo Zaiko 
(Director-Webmaster). Sitio web oriundo de Argentina. Estuvo disponible 
hasta el ao 2010 en la direccin: 
http://www.geocities.org/oldinchess/descarga/cbv/ 1976_ESP03.zip ]} 1-0